LIBRARY & INFORMATION CENTRE, KCAET, TAVANUR

ONLINE PUBLIC ACCESS CATALOGUE (OPAC)

Government and politics in the United states / (Record no. 1717)

MARC details
000 -LEADER
fixed length control field 00544cam a2200205ua 4500
041 ## - LANGUAGE CODE
Language code of text/sound track or separate title eng
082 ## - DEWEY DECIMAL CLASSIFICATION NUMBER
Classification number 320.973
Item number HAT/GO
100 ## - MAIN ENTRY--AUTHOR NAME
Personal name Hathorn, Guy.B .
245 ## - TITLE STATEMENT
Title Government and politics in the United states /
250 ## - EDITION STATEMENT
Edition statement 2 /
260 ## - PUBLICATION, DISTRIBUTION, ETC. (IMPRINT)
Place of publication New Delhi :
Name of publisher D.Van nostrant co.,Toronto ,
Year of publication 1966.
300 ## - PHYSICAL DESCRIPTION
Number of Pages 815 ; .
700 1# - ADDED ENTRY--PERSONAL NAME
Personal name Ferber, Mark.F .
700 1# - ADDED ENTRY--PERSONAL NAME
Personal name Penniman, Howark.R .
942 ## - ADDED ENTRY ELEMENTS (KOHA)
Koha item type Books
Holdings
Withdrawn status Lost status Damaged status Home library Current library Date acquired Full call number Accession Number Koha item type
Withdrawn   Damaged KAUAET KAUAET 07/04/2012 320.973 10826 Books
free website counter